[Event "12. Lichtenberger Sommer"]
[Site "Berlin"]
[Date "2013.08.25"]
[Round "9.39"]
[White "Kupfer, Michael"]
[Black "Heerde, Thomas"]
[Result "0-1"]
[WhiteElo "2018"]
[BlackElo "2011"]
[PlyCount "80"]
[EventDate "2013.??.??"]
[WhiteTeam "SC Friesen Lichtenberg e.V."]
[BlackTeam "SC Weisse Dame e.V."]

1. c4 Nf6 2. g3 g6 3. Bg2 Bg7 4. Nc3 O-O 5. e4 d6 6. Nge2 e5 7. O-O Nbd7 8. d3
c6 9. h3 a6 10. a4 a5 11. Be3 Nc5 12. f4 exf4 13. gxf4 Nh5 14. d4 Na6 15. Qd2
Nb4 16. Rad1 Re8 17. Rf3 d5 18. cxd5 cxd5 19. e5 Bf5 20. Nb5 Bf8 21. Bf2 Qd7
22. Rc3 Rac8 23. Rdc1 Rc6 24. Na7 Rxc3 25. bxc3 Nd3 26. Ra1 Nxf2 27. Kxf2 Bxh3
28. Bh1 Be7 29. Nb5 f6 30. Qa2 Be6 31. Rg1 Bf7 32. Bf3 Ng7 33. Bg4 Qc6 34. f5
fxe5 35. dxe5 Bh4+ 36. Kf1 Rxe5 37. Nbd4 Qf6 38. Nf3 Nxf5 39. Nxh4 Ne3+ 40. Ke1
Qxh4+ 0-1

[Event "12. Lichtenberger Sommer"]
[Site "Berlin"]
[Date "2013.08.25"]
[Round "9.40"]
[White "Schildt, Rene"]
[Black "George, Tom"]
[Result "1-0"]
[WhiteElo "2053"]
[BlackElo "1901"]
[PlyCount "49"]
[EventDate "2013.??.??"]
[WhiteTeam "SC Zugzwang 95 e.V."]
[BlackTeam "SG Blau-Weiß Stadtilm"]

1. e4 Nf6 2. e5 Nd5 3. d4 d6 4. Nf3 g6 5. Bc4 Nb6 6. Bb3 Bg7 7. O-O Nc6 8. Qe2
O-O 9. e6 Nxd4 10. exf7+ Kh8 11. Nxd4 Bxd4 12. h4 e6 13. h5 Qf6 14. c3 Bc5 15.
Nd2 d5 16. Nf3 Bd6 17. Bg5 Qxf7 18. Ne5 Qg7 19. f4 Rf5 20. h6 Qg8 21. Bc2 Rf8
22. Qe1 c5 23. Qh4 Bxe5 24. fxe5 Nd7 25. Ba4 1-0

[Event "12. Lichtenberger Sommer"]
[Site "Berlin"]
[Date "2013.08.25"]
[Round "9.43"]
[White "Kapr, Klaus"]
[Black "Möller, Dustin"]
[Result "1/2-1/2"]
[WhiteElo "2069"]
[BlackElo "1793"]
[PlyCount "43"]
[EventDate "2013.??.??"]
[WhiteTeam "SC Friesen Lichtenberg e.V."]
[BlackTeam "Eckernförder SC von 1921"]

1. e4 e5 2. Nf3 Nc6 3. Bb5 a6 4. Ba4 Nf6 5. O-O Be7 6. Re1 b5 7. Bb3 O-O 8. d4
Nxd4 9. Bxf7+ Rxf7 10. Nxe5 Rf8 11. Qxd4 c5 12. Qd1 Bb7 13. Nc3 d5 14. exd5 b4
15. Ne4 Nxe4 16. Rxe4 Qxd5 17. Qxd5+ Bxd5 18. Re1 Bd6 19. Nd7 Rfe8 20. Be3 Bc6
21. Nxc5 Rxe3 22. Rxe3 1/2-1/2

[Event "12. Lichtenberger Sommer"]
[Site "Berlin"]
[Date "2013.08.25"]
[Round "9.44"]
[White "Steiner, Wolfram"]
[Black "Zenkner, Christian"]
[Result "1/2-1/2"]
[WhiteElo "1978"]
[BlackElo "1909"]
[PlyCount "94"]
[EventDate "2013.??.??"]
[WhiteTeam "SG Lasker Steglitz-Wilmersdorf"]
[BlackTeam "SV Bad Bentheim"]

1. Nf3 Nf6 2. g3 d5 3. Bg2 c5 4. O-O Nc6 5. d3 e6 6. e4 dxe4 7. Ng5 exd3 8. Nc3
h6 9. Nge4 dxc2 10. Nxf6+ Qxf6 11. Bxc6+ bxc6 12. Qxc2 Be7 13. Re1 O-O 14. Bf4
g5 15. Be5 Qg6 16. Qa4 Bb7 17. Rad1 Rfd8 18. Rxd8+ Bxd8 19. Ne4 Be7 20. Bd6 f5
21. Bxe7 fxe4 22. Bxc5 Qf5 23. Qb4 Ba6 24. Bxa7 Bb5 25. a4 Rxa7 26. axb5 cxb5
27. Qxe4 Qxe4 28. Rxe4 Kf7 29. Rb4 Rb7 30. h4 Kf6 31. hxg5+ hxg5 32. Kg2 Kf5
33. Kf3 Rb6 34. Ke3 e5 35. f3 Rb8 36. Kd3 Rb7 37. Kc3 Rb8 38. Re4 Rd8 39. Rb4
Rb8 40. Kd3 Rb7 41. Ke3 Rb8 42. g4+ Ke6 43. Ke4 Rb7 44. Rb3 b4 45. Rd3 Rc7 46.
Rd2 Rc4+ 47. Ke3 Rc1 1/2-1/2

[Event "12. Lichtenberger Sommer"]
[Site "Berlin"]
[Date "2013.08.25"]
[Round "9.45"]
[White "Kutschke, Jens"]
[Black "Schmidt, Markus"]
[Result "0-1"]
[WhiteElo "1891"]
[BlackElo "2061"]
[PlyCount "78"]
[EventDate "2013.??.??"]
[WhiteTeam "Sfrd. Berlin 1903 e.V."]
[BlackTeam "SK Turm Bad Hersfeld"]

1. e4 g6 2. d4 Bg7 3. Bc4 d6 4. Nc3 e6 5. f4 Ne7 6. Nf3 Nd7 7. Be3 O-O 8. O-O
a6 9. a4 b6 10. Qe1 Bb7 11. Nh4 d5 12. exd5 exd5 13. Bd3 c5 14. Qf2 Nc6 15. Nf3
Nf6 16. h3 Re8 17. dxc5 Rxe3 18. Qxe3 d4 19. Nxd4 Nxd4 20. cxb6 Qxb6 21. Kh1
Qc6 22. Rf2 Nd5 23. Nxd5 Qxd5 24. c3 Nf5 25. Bxf5 Qxf5 26. Rd1 h5 27. Kh2 Bc6
28. a5 Re8 29. Qb6 Bb5 30. Rd8 Rxd8 31. Qxd8+ Kh7 32. Qc7 g5 33. c4 Bd7 34. g3
Qxh3+ 35. Kg1 Qxg3+ 36. Kf1 Bh3+ 37. Ke1 Qg1+ 38. Ke2 Bg4+ 39. Ke3 Qe1+ 0-1

[Event "12. Lichtenberger Sommer"]
[Site "Berlin"]
[Date "2013.08.25"]
[Round "9.46"]
[White "Kapp, Frank"]
[Black "Becker, Jared"]
[Result "1-0"]
[WhiteElo "1908"]
[BlackElo "2038"]
[PlyCount "85"]
[EventDate "2013.??.??"]
[WhiteTeam "TSV IFA Chemnitz"]
[BlackTeam "SC Tarrasch 45 München"]

1. d4 Nf6 2. c4 c5 3. d5 b5 4. e3 e6 5. dxe6 fxe6 6. cxb5 d5 7. Nf3 Bd6 8. Be2
Bb7 9. Nbd2 O-O 10. Ng5 Qe7 11. Qc2 h6 12. Ngf3 Nbd7 13. Nh4 Qf7 14. Ng6 Rfe8
15. O-O e5 16. Nh4 e4 17. Nf5 Bf8 18. Nb3 Rac8 19. Na5 Ba8 20. Bd2 Ne5 21. b3
Qe6 22. Ng3 Bd6 23. Qd1 Rf8 24. Nh5 Nf3+ 25. gxf3 exf3 26. Bxf3 Nxh5 27. Bxh5
Qh3 28. f4 d4 29. Qg4 Qxg4+ 30. Bxg4 Rce8 31. exd4 Re4 32. Nc6 cxd4 33. Rae1
Rxe1 34. Rxe1 Bc5 35. Be6+ Kh8 36. f5 g6 37. Bxh6 Rf6 38. Bg5 Rf8 39. Re4 d3+
40. Kf1 gxf5 41. Rh4+ Kg7 42. Bh6+ Kf6 43. Bxf8 1-0

[Event "12. Lichtenberger Sommer"]
[Site "Berlin"]
[Date "2013.08.25"]
[Round "9.47"]
[White "Poseck, Steffen"]
[Black "Albinus, Günter"]
[Result "1-0"]
[WhiteElo "2044"]
[BlackElo "1844"]
[PlyCount "45"]
[EventDate "2013.??.??"]
[WhiteTeam "BSV 63 Chemie Weißensee"]
[BlackTeam "SG Weißensee 49 e.V."]

1. b3 Nf6 2. Bb2 e6 3. g3 Be7 4. Bg2 d5 5. Nf3 O-O 6. c4 Nbd7 7. O-O b6 8. cxd5
Nxd5 9. d4 c5 10. e4 Nb4 11. a3 Nc6 12. d5 exd5 13. exd5 Na5 14. Nbd2 Nb7 15.
Nc4 Nd6 16. Nfe5 Qc7 17. Re1 Bb7 18. Nc6 Bf6 19. Bxf6 Nxf6 20. Re7 Nd7 21. Qg4
Bc8 22. Qf4 Nb5 23. d6 1-0

[Event "12. Lichtenberger Sommer"]
[Site "Berlin"]
[Date "2013.08.25"]
[Round "9.49"]
[White "Birkholz, Axel"]
[Black "Rohde, Wolfgang"]
[Result "1/2-1/2"]
[WhiteElo "1857"]
[BlackElo "2171"]
[PlyCount "87"]
[EventDate "2013.??.??"]
[WhiteTeam "SV Trossingen"]
[BlackTeam "SC Friesen Lichtenberg e.V."]

1. e4 c5 2. Nf3 g6 3. d4 Bg7 4. Nc3 cxd4 5. Nxd4 Nc6 6. Be3 Nf6 7. Bc4 Qa5 8.
O-O O-O 9. Nb3 Qc7 10. Bg5 a6 11. Bxf6 Bxf6 12. Nd5 Qe5 13. Nxf6+ Qxf6 14. c3
b5 15. Bd5 Rb8 16. Bxc6 Qxc6 17. Qe2 Bb7 18. Rfe1 Qb6 19. Rad1 d6 20. Qe3 Qxe3
21. Rxe3 Ba8 22. Rd4 f6 23. f3 Rfc8 24. a3 Kf7 25. Nd2 Rc5 26. Kf2 g5 27. g3
Rb6 28. Nf1 h5 29. h3 Bb7 30. Red3 Bc8 31. g4 Be6 32. Ne3 Rb8 33. Nf5 Rh8 34.
Kg2 Rcc8 35. Ng3 hxg4 36. hxg4 Ke8 37. Rd1 Kd7 38. Rh1 Rxh1 39. Kxh1 Rc4 40.
Kg2 Rxd4 41. cxd4 Kc7 42. b4 d5 43. Nf5 Kd7 44. Kf2 1/2-1/2

[Event "12. Lichtenberger Sommer"]
[Site "Berlin"]
[Date "2013.08.25"]
[Round "9.50"]
[White "Sechting, Martin"]
[Black "Strehlow, Horst"]
[Result "1-0"]
[WhiteElo "2054"]
[BlackElo "2026"]
[PlyCount "39"]
[EventDate "2013.??.??"]
[WhiteTeam "SC Weisse Dame e.V."]
[BlackTeam "SC Friesen Lichtenberg e.V."]

1. d4 Nf6 2. c4 e6 3. Nf3 d5 4. g3 c6 5. Bg2 Bd6 6. cxd5 exd5 7. O-O O-O 8. Nc3
Nbd7 9. Re1 b6 10. e4 dxe4 11. Ng5 Bb7 12. Ngxe4 Nxe4 13. Nxe4 Bb4 14. Bg5 Be7
15. Bxe7 Qxe7 16. Nc5 Qd6 17. Nxb7 Qc7 18. d5 cxd5 19. Qxd5 Nf6 20. Qe5 1-0

[Event "12. Lichtenberger Sommer"]
[Site "Berlin"]
[Date "2013.08.25"]
[Round "9.51"]
[White "Burger, Heinrich"]
[Black "Halli, Gerhard"]
[Result "1-0"]
[WhiteElo "2120"]
[BlackElo "1938"]
[PlyCount "41"]
[EventDate "2013.??.??"]
[WhiteTeam "VfB Hermsdorf e.V."]
[BlackTeam "SK 1947 Sandhausen e.V."]

1. d4 d5 2. Nf3 Nf6 3. c4 e6 4. g3 c6 5. Nbd2 Be7 6. Bg2 Nbd7 7. O-O O-O 8. Qc2
Re8 9. b3 Bf8 10. Bb2 g6 11. e4 dxe4 12. Nxe4 Nxe4 13. Qxe4 Bg7 14. Rad1 Qc7
15. Rfe1 Nb6 16. Bc1 Bd7 17. Bf4 Qd8 18. Qc2 Qf6 19. Ng5 Nc8 20. Ne4 Qf5 21.
Nc5 1-0

[Event "12. Lichtenberger Sommer"]
[Site "Berlin"]
[Date "2013.08.25"]
[Round "9.53"]
[White "Keusch, Horst"]
[Black "Landt, Stefan"]
[Result "0-1"]
[WhiteElo "2021"]
[BlackElo "1929"]
[PlyCount "86"]
[EventDate "2013.??.??"]
[WhiteTeam "SC Friesen Lichtenberg e.V."]
[BlackTeam "SV Berolina Mitte e.V."]

1. f4 g6 2. e4 Bg7 3. Nf3 c5 4. d3 Nc6 5. c3 d6 6. Be2 e6 7. O-O Nge7 8. Nbd2
O-O 9. Qe1 f5 10. Qh4 b5 11. Kh1 Qc7 12. Nb3 Rb8 13. Bd2 a5 14. Rac1 a4 15. Na1
b4 16. Nc2 b3 17. axb3 Rxb3 18. Rb1 Ba6 19. Ng5 h6 20. Nxe6 Qc8 21. Nxf8 Qxf8
22. Qf2 Qb8 23. d4 Bxe2 24. Qxe2 Rxb2 25. Rxb2 Qxb2 26. Qd3 Kh7 27. dxc5 dxc5
28. exf5 Nxf5 29. Ne3 Nxe3 30. Bxe3 a3 31. f5 Ne5 32. fxg6+ Nxg6 33. Bxc5 a2
34. Qa6 Nh4 35. Bf2 Ng6 36. Qa7 Qe2 37. Kg1 Nf4 38. Ra1 Qg4 39. Qb7 Nh3+ 40.
Kf1 Qc4+ 41. Ke1 Qxc3+ 42. Kf1 Qxa1+ 43. Be1 Qf6+ 0-1

[Event "12. Lichtenberger Sommer"]
[Site "Berlin"]
[Date "2013.08.25"]
[Round "9.54"]
[White "Schubert, Joachim"]
[Black "Ciolek, Andreas"]
[Result "1-0"]
[WhiteElo "1814"]
[BlackElo "1888"]
[PlyCount "83"]
[EventDate "2013.??.??"]
[WhiteTeam "SC Friesen Lichtenberg e.V."]
[BlackTeam "SK Singen"]

1. e4 c5 2. Nf3 e6 3. d4 cxd4 4. Nxd4 a6 5. a4 Nf6 6. Bd3 Qc7 7. O-O Be7 8. Be3
b6 9. Nd2 Bb7 10. f4 d6 11. Qf3 Nbd7 12. c3 h5 13. h3 h4 14. Bf2 Nc5 15. Bc2 d5
16. e5 Nfe4 17. Nxe4 Nxe4 18. Rfe1 Nxf2 19. Qxf2 Rc8 20. f5 Bc5 21. Rad1 Qe7
22. fxe6 fxe6 23. Re3 Rf8 24. Rf3 Kd7 25. Bg6 Rxf3 26. Qxf3 Rf8 27. Qe3 a5 28.
Bh5 Ba6 29. Bg4 g5 30. b4 axb4 31. cxb4 Bxd4 32. Qxd4 Rb8 33. Qxd5+ Ke8 34.
Bxe6 Bb7 35. Bd7+ Kf8 36. Rf1+ Kg7 37. Qd4 Rf8 38. Bf5 Rd8 39. Qxb6 Rd2 40.
Qg6+ Kh8 41. Qh6+ Kg8 42. Be6+ 1-0

[Event "12. Lichtenberger Sommer"]
[Site "Berlin"]
[Date "2013.08.25"]
[Round "9.56"]
[White "Gruener, Reinhard"]
[Black "Guzzetti, Luigi Enrico"]
[Result "1-0"]
[WhiteElo "2016"]
[BlackElo "1873"]
[PlyCount "105"]
[EventDate "2013.??.??"]
[WhiteTeam "SG Lasker Steglitz-Wilmersdorf"]
[BlackTeam "C.S. Scacco Matto Como"]

1. d4 Nf6 2. Nc3 g6 3. e4 d6 4. Be2 Bg7 5. Be3 O-O 6. Qd2 c6 7. f3 Nbd7 8. g4
b5 9. g5 Ne8 10. h4 b4 11. Nd1 Qa5 12. h5 e5 13. hxg6 fxg6 14. Bc4+ d5 15. exd5
Nb6 16. Bb3 Nxd5 17. Qh2 Kf7 18. dxe5 Be6 19. Bd2 Nec7 20. Nf2 Ne7 21. Nd3 c5
22. Qf4+ Ke8 23. Qe4 Bf5 24. Qe3 Bxd3 25. cxd3 Nf5 26. Qe4 Nd4 27. Rxh7 Rf7 28.
Bxf7+ Kxf7 29. Kf2 Qa6 30. Ne2 Kg8 31. Rah1 Rd8 32. Qh4 Nce6 33. Rh8+ Kf7 34.
Rxd8 Nxd8 35. Nxd4 cxd4 36. Qf4+ Kg8 37. Qxd4 Nf7 38. Qc4 Qb7 39. d4 a5 40. Rc1
Qe7 41. Qd5 Bf8 42. Rc6 Kg7 43. Qe4 Nh8 44. Rb6 Qe8 45. Rb7+ Kg8 46. Qd5+ Nf7
47. Ra7 Be7 48. Qe6 Kf8 49. Qxg6 Qa4 50. Ra8+ Nd8 51. Qf5+ Ke8 52. e6 Bd6 53.
Qf7# 1-0

[Event "12. Lichtenberger Sommer"]
[Site "Berlin"]
[Date "2013.08.25"]
[Round "9.57"]
[White "Körner, Helmut"]
[Black "Baranowsky, Peter"]
[Result "0-1"]
[WhiteElo "1910"]
[BlackElo "1967"]
[PlyCount "68"]
[EventDate "2013.??.??"]
[WhiteTeam "Sfr.Nord-Ost Berlin"]
[BlackTeam "Sfrd. Berlin 1903 e.V."]

1. b4 Nf6 2. Bb2 e6 3. b5 d5 4. e3 Be7 5. Nf3 O-O 6. c4 c6 7. a4 Bd6 8. Be2
Nbd7 9. d4 dxc4 10. Nbd2 Bb4 11. Bxc4 Nb6 12. Bd3 cxb5 13. axb5 a5 14. bxa6
bxa6 15. O-O Bb7 16. Qe2 a5 17. Rfc1 Qe7 18. Nb3 a4 19. Nc5 a3 20. Bc3 Bxf3 21.
gxf3 Nfd5 22. Bxb4 Nxb4 23. Be4 Ra7 24. f4 f5 25. Bg2 N6d5 26. Qc4 Rb8 27. Rcb1
Qd6 28. Rb3 a2 29. Qc1 Kf7 30. Qb2 Qb6 31. Bf1 Qd6 32. Bc4 Qb6 33. Nd3 Nxd3 34.
Bxd3 Qxb3 0-1

[Event "12. Lichtenberger Sommer"]
[Site "Berlin"]
[Date "2013.08.25"]
[Round "9.58"]
[White "Lieder, Günter"]
[Black "Alten, Silvio"]
[Result "1/2-1/2"]
[WhiteElo "1884"]
[BlackElo "1887"]
[PlyCount "47"]
[EventDate "2013.??.??"]
[WhiteTeam "SK Turm Bad Hersfeld"]
[BlackTeam "Treptower SV 1949 e.V."]

1. e4 c5 2. Nc3 Nc6 3. f4 e6 4. Nf3 g6 5. Be2 Bg7 6. O-O Nge7 7. d3 d5 8. Qe1
f5 9. Bd1 O-O 10. Kh1 a6 11. Ng5 h6 12. Nh3 b5 13. Bf3 Nd4 14. Bd1 Bb7 15. e5
Rc8 16. Ne2 Nxe2 17. Bxe2 d4 18. Bf3 Nd5 19. Bd2 Rf7 20. a4 Bc6 21. axb5 axb5
22. Ra6 Qd7 23. Qg3 Kh7 24. Rfa1 1/2-1/2

[Event "12. Lichtenberger Sommer"]
[Site "Berlin"]
[Date "2013.08.25"]
[Round "9.59"]
[White "Reiche, Andreas"]
[Black "Schönberger, Kay"]
[Result "1/2-1/2"]
[WhiteElo "1940"]
[BlackElo "1891"]
[PlyCount "59"]
[EventDate "2013.??.??"]
[WhiteTeam "SV Berolina Mitte e.V."]
[BlackTeam "SV Koblenz 03/25"]

1. e4 c5 2. Nf3 Nc6 3. d4 cxd4 4. Nxd4 Nf6 5. Nc3 e5 6. Nb3 Bb4 7. Bc4 Nxe4 8.
Bxf7+ Kxf7 9. Qd5+ Ke8 10. Qxe4 d5 11. Qe2 d4 12. a3 Be7 13. Ne4 Qd5 14. O-O
Bf5 15. Re1 Bxe4 16. Qxe4 Rd8 17. Nd2 Rd6 18. Nf3 Qxe4 19. Rxe4 d3 20. cxd3
Rxd3 21. Bd2 Kf7 22. Bc3 Rhd8 23. Rae1 Bxa3 24. Bxe5 Be7 25. Rf4+ Kg8 26. Bc3
Rd1 27. Kf1 Rxe1+ 28. Kxe1 Rf8 29. Rxf8+ Kxf8 30. Ne5 1/2-1/2

[Event "12. Lichtenberger Sommer"]
[Site "Berlin"]
[Date "2013.08.25"]
[Round "9.60"]
[White "Napoli, Ferdinando"]
[Black "Alcer, Fabian"]
[Result "1-0"]
[WhiteElo "1732"]
[BlackElo "1776"]
[PlyCount "117"]
[EventDate "2013.??.??"]
[WhiteTeam "C.S. Scacco Matto Como"]
[BlackTeam "SV Empor Berlin e.V."]

1. e4 e5 2. Nf3 Nc6 3. Bb5 a6 4. Ba4 Nf6 5. O-O Be7 6. Re1 b5 7. Bb3 d6 8. c3
O-O 9. h3 Na5 10. Bc2 c5 11. d4 Nd7 12. Nbd2 exd4 13. cxd4 Nc6 14. Nf1 cxd4 15.
Nxd4 Nxd4 16. Qxd4 Ne5 17. Ne3 Bf6 18. Qd1 Be6 19. Nd5 Bxd5 20. exd5 Rc8 21.
Rb1 a5 22. Be3 Re8 23. Bf5 Rb8 24. b3 g6 25. Bg4 Nxg4 26. Qxg4 Bc3 27. Rec1 Qf6
28. Qf4 Qxf4 29. Bxf4 Be5 30. Be3 Rec8 31. Rxc8+ Rxc8 32. Rc1 Rxc1+ 33. Bxc1 f5
34. Kf1 Kf7 35. Bd2 a4 36. bxa4 bxa4 37. Ke2 Bd4 38. Bg5 Ke8 39. f3 Kd7 40. Kd3
Bb2 41. Kc4 Kc7 42. Kb5 a3 43. Kc4 h5 44. Bd2 Be5 45. Bb4 Kb6 46. Bxa3 g5 47.
Bc1 g4 48. fxg4 fxg4 49. hxg4 hxg4 50. Bd2 Bg3 51. a4 Be5 52. Bb4 Bf4 53. Kd3
Kc7 54. Ke4 Be5 55. Kf5 g3 56. Kg4 Kb6 57. Kf3 Bd4 58. Kxg3 Bc5 59. Bd2 1-0

[Event "12. Lichtenberger Sommer"]
[Site "Berlin"]
[Date "2013.08.25"]
[Round "9.61"]
[White "Brüning, Wolfgang"]
[Black "Matitschka, Heinz"]
[Result "0-1"]
[WhiteElo "1962"]
[BlackElo "1774"]
[PlyCount "108"]
[EventDate "2013.??.??"]
[WhiteTeam "Queer-Springer SSV Berlin"]
[BlackTeam "TSG Oberschöneweide e.V."]

1. Nf3 Nf6 2. d4 e6 3. e3 c5 4. Bd3 d5 5. b3 Nc6 6. O-O Bd6 7. Bb2 O-O 8. Nbd2
Qe7 9. Ne5 cxd4 10. exd4 Ba3 11. Bxa3 Qxa3 12. Nxc6 bxc6 13. Re1 Ba6 14. Re3
Bxd3 15. Rxd3 Rac8 16. Nf3 c5 17. c4 dxc4 18. bxc4 Qa6 19. Ne5 cxd4 20. Rxd4
Rc5 21. f4 Qa5 22. a4 Rfc8 23. Rb1 Qc7 24. Rb3 Nd5 25. Rb5 Nxf4 26. Rb7 Qa5 27.
Nxf7 Rf5 28. Nd6 Re5 29. Rd2 Qc5+ 30. Kh1 Rf8 31. Rb5 Qe3 32. Rxe5 Qxe5 33. Nb5
Qe4 34. Nd4 e5 35. Nf3 Qxc4 36. Nxe5 Qe4 37. Qb3+ Nd5 38. Qd1 Ne3 39. Qb3+ Nc4
40. Nf3 Qe1+ 41. Ng1 Qxd2 42. Qxc4+ Kh8 43. Qc5 Qf2 44. Qe7 Qf7 45. Qc5 Qf2 46.
Qe7 h6 47. h3 Rc8 48. Kh2 Rc2 49. Qd8+ Kh7 50. Qd3+ Kg8 51. Qd5+ Qf7 52. Qa8+
Kh7 53. Qe4+ Qg6 54. Qb7 Ra2 0-1

[Event "12. Lichtenberger Sommer"]
[Site "Berlin"]
[Date "2013.08.25"]
[Round "9.62"]
[White "Schabe, Felix"]
[Black "Alvarez, Luis"]
[Result "1-0"]
[WhiteElo "1746"]
[BlackElo "1902"]
[PlyCount "69"]
[EventDate "2013.??.??"]
[WhiteTeam "SV Empor Berlin e.V."]
[BlackTeam "Schachclub Zug um Zug Everswinke"]

1. e4 d5 2. exd5 Qxd5 3. Nc3 Qa5 4. d4 Nf6 5. Nf3 Bf5 6. Bd2 c6 7. g3 Nbd7 8.
b4 Qd8 9. Bg2 e6 10. b5 Ne4 11. bxc6 bxc6 12. Nxe4 Bxe4 13. O-O Bd6 14. Re1 Bg6
15. Ne5 Bxe5 16. dxe5 Rc8 17. c4 O-O 18. Qa4 Nb6 19. Qxa7 Nxc4 20. Bc3 Qb6 21.
Qxb6 Nxb6 22. a4 Nd5 23. Rec1 Bd3 24. Bd4 Rfd8 25. a5 Nb4 26. Bc5 Na6 27. Bd6
Bb5 28. Ra3 g6 29. Rac3 Nc7 30. Bxc6 Nd5 31. Rc5 Bxc6 32. Rxc6 Ra8 33. a6 Rd7
34. a7 Rdxa7 35. Rc8+ 1-0

[Event "12. Lichtenberger Sommer"]
[Site "Berlin"]
[Date "2013.08.25"]
[Round "9.63"]
[White "Casny, Guenter"]
[Black "Willich, Manfred"]
[Result "0-1"]
[WhiteElo "1835"]
[BlackElo "1981"]
[PlyCount "50"]
[EventDate "2013.??.??"]
[WhiteTeam "SC Rochade e.V."]
[BlackTeam "SK Turm Bad Hersfeld"]

1. e4 c5 2. Nf3 e6 3. d4 cxd4 4. Nxd4 a6 5. Be2 Nf6 6. Nc3 Qc7 7. O-O Bb4 8.
Qd3 Nc6 9. f4 Nxd4 10. e5 Bxc3 11. exf6 Nxe2+ 12. Qxe2 Bxf6 13. c3 O-O 14. Be3
d5 15. Qf2 Bd7 16. g4 Rac8 17. g5 Be7 18. b4 Qxc3 19. Rfc1 Qa3 20. Bc5 b6 21.
Bxe7 Rxc1+ 22. Rxc1 Qxc1+ 23. Kg2 Rc8 24. Qxb6 Qd2+ 25. Kg3 Rc3+ 0-1

[Event "12. Lichtenberger Sommer"]
[Site "Berlin"]
[Date "2013.08.25"]
[Round "9.64"]
[White "Poeltelt, Helmut"]
[Black "Deutschbein, Christopher"]
[Result "0-1"]
[WhiteElo "1733"]
[BlackElo "2003"]
[PlyCount "118"]
[EventDate "2013.??.??"]
[WhiteTeam "SC Eintracht Berlin e.V."]
[BlackTeam "Bille SC von 1924 e.V."]

1. e4 e5 2. Nf3 Nc6 3. Bb5 a6 4. Ba4 Nf6 5. O-O b5 6. Bb3 Be7 7. Re1 O-O 8. c3
d5 9. d3 dxe4 10. dxe4 Qxd1 11. Bxd1 Bg4 12. h3 Bh5 13. Nbd2 Rad8 14. Nf1 Nxe4
15. g4 Bg6 16. Bb3 Bc5 17. Be3 Rfe8 18. Rad1 Bxe3 19. Nxe3 Nc5 20. Nh4 Nxb3 21.
Nxg6 hxg6 22. axb3 Ne7 23. Ra1 Rd6 24. Kf1 Red8 25. Red1 Rxd1+ 26. Rxd1 Rxd1+
27. Nxd1 Nd5 28. f3 g5 29. Kf2 Nf4 30. Kg3 c5 31. h4 gxh4+ 32. Kxh4 Nd3 33. Kg3
Nc1 34. f4 Ne2+ 35. Kf3 Nxf4 36. c4 f6 37. Ke4 Kf7 38. Nc3 bxc4 39. bxc4 Ke6
40. Na4 Kd6 41. Kf5 g6+ 42. Ke4 Ne6 43. Nb6 Nd4 44. Nc8+ Ke6 45. Nb6 f5+ 46.
gxf5+ gxf5+ 47. Ke3 Nb3 48. Nd5 Na5 49. Nc7+ Kd7 50. b4 Kxc7 51. bxa5 Kd6 52.
Kf3 Ke6 53. Ke3 Kf6 54. Kf3 Kg5 55. Kg3 e4 56. Kf2 Kf4 57. Ke2 Ke5 58. Ke3 f4+
59. Ke2 Kd4 0-1

[Event "12. Lichtenberger Sommer"]
[Site "Berlin"]
[Date "2013.08.25"]
[Round "9.65"]
[White "Kurbel, Horst-Peter"]
[Black "Bauder, Herbert"]
[Result "1/2-1/2"]
[WhiteElo "1845"]
[BlackElo "1932"]
[PlyCount "64"]
[EventDate "2013.??.??"]
[WhiteTeam "FC Bayern München e.V."]
[BlackTeam "SG Lasker Steglitz-Wilmersdorf"]

1. d4 Nf6 2. c4 g6 3. f3 Bg7 4. e4 d6 5. Nc3 O-O 6. Be3 c5 7. Nge2 Qa5 8. d5 b5
9. cxb5 a6 10. Nc1 axb5 11. Nb3 Qb6 12. Bxb5 Ba6 13. Qd3 Nfd7 14. Bxa6 Nxa6 15.
Qe2 Nb4 16. Nc1 Qa6 17. Qxa6 Rxa6 18. Kd2 Ne5 19. b3 Nd7 20. Rb1 Bxc3+ 21. Kxc3
Nxa2+ 22. Nxa2 Rxa2 23. Rb2 Rfa8 24. Rhb1 Kg7 25. Bg5 f6 26. Bf4 Nb6 27. Rxa2
Rxa2 28. Rb2 Ra1 29. Kc2 f5 30. Rb1 Rxb1 31. Kxb1 fxe4 32. fxe4 Nd7 1/2-1/2

[Event "12. Lichtenberger Sommer"]
[Site "Berlin"]
[Date "2013.08.25"]
[Round "9.68"]
[White "Fiedler, Wolfgang"]
[Black "Costello, Colin"]
[Result "0-1"]
[WhiteElo "2012"]
[BlackElo "1931"]
[PlyCount "105"]
[EventDate "2013.??.??"]
[WhiteTeam "SV Berolina Mitte e.V."]
[BlackTeam "SC Weisse Dame e.V."]

1. d4 Nf6 2. Nf3 e6 3. c4 Bb4+ 4. Bd2 Qe7 5. Bxb4 Qxb4+ 6. Qd2 Qe7 7. Nc3 d5 8.
e3 O-O 9. Be2 Nbd7 10. O-O b6 11. a4 a5 12. Ne5 Bb7 13. f4 c5 14. Bf3 Rfd8 15.
Qf2 Ne4 16. Bxe4 dxe4 17. Rad1 f6 18. Nxd7 Rxd7 19. f5 cxd4 20. Rxd4 Rad8 21.
Rxd7 Rxd7 22. fxe6 Qxe6 23. Qf5 Qe7 24. Qb5 Qe6 25. Rd1 Rxd1+ 26. Nxd1 Kf7 27.
Nc3 Qc6 28. Qh5+ Kf8 29. Qxh7 Qxc4 30. Qh8+ Qg8 31. Qxg8+ Kxg8 32. g4 Kf7 33.
Kg2 Bc6 34. h4 Ke6 35. Kg3 Ke5 36. b3 Bd7 37. Ne2 Be6 38. Nd4 Bd7 39. g5 fxg5
40. hxg5 g6 41. Kg2 Be8 42. Kf2 Kd5 43. Kg3 Ke5 44. Kf2 Kd5 45. Ke1 Kc5 46. Kf2
Bf7 47. Kg3 Kb4 48. Kf4 Bxb3 49. Kxe4 Bxa4 50. Ke5 Bd1 51. Nc6+ Kc5 52. Nd8 a4
53. Nb7+ 0-1

[Event "12. Lichtenberger Sommer"]
[Site "Berlin"]
[Date "2013.08.25"]
[Round "9.69"]
[White "Balliere, Arne"]
[Black "Batzaya, Ayush"]
[Result "1/2-1/2"]
[WhiteElo "1743"]
[BlackElo "1952"]
[PlyCount "40"]
[EventDate "2013.??.??"]
[WhiteTeam "Kon. Oostendse SK"]
[BlackTeam "SV Berolina Mitte e.V."]

1. e4 c5 2. Nc3 d6 3. f4 Nc6 4. Nf3 g6 5. Bb5 Bg7 6. O-O a6 7. Bxc6+ bxc6 8.
Qe1 Rb8 9. e5 d5 10. d3 Nh6 11. b3 Qb6 12. Na4 Qa7 13. Ba3 c4+ 14. Bc5 Qc7 15.
d4 cxb3 16. axb3 O-O 17. Nb2 Nf5 18. Nd3 Re8 19. Qf2 Bf8 20. Kh1 Ng7 1/2-1/2

[Event "12. Lichtenberger Sommer"]
[Site "Berlin"]
[Date "2013.08.25"]
[Round "9.70"]
[White "Ziems, Michael"]
[Black "Kühnemund, Lutz"]
[Result "1/2-1/2"]
[WhiteElo "1839"]
[BlackElo "2044"]
[PlyCount "36"]
[EventDate "2013.??.??"]
[WhiteTeam "SV Empor Berlin e.V."]
[BlackTeam "SC Friesen Lichtenberg e.V."]

1. d4 Nf6 2. c4 g6 3. Nc3 d5 4. e3 Bg7 5. Nf3 O-O 6. Qb3 e6 7. Bd2 c6 8. Be2
Nbd7 9. Rc1 Nb6 10. Ne5 Nfd7 11. f4 Nxe5 12. fxe5 Nxc4 13. Bxc4 dxc4 14. Qxc4
Qh4+ 15. g3 Qh3 16. Qf1 Qg4 17. Qf4 Qh3 18. Ne4 b6 1/2-1/2

[Event "12. Lichtenberger Sommer"]
[Site "Berlin"]
[Date "2013.08.25"]
[Round "9.71"]
[White "Schräpel, Manfred"]
[Black "Graf, Anton"]
[Result "1/2-1/2"]
[WhiteElo "1903"]
[BlackElo "1830"]
[PlyCount "62"]
[EventDate "2013.??.??"]
[WhiteTeam "BSV 63 Chemie Weißensee"]
[BlackTeam "OSG Baden-Baden"]

1. d4 c5 2. e3 cxd4 3. exd4 d5 4. Nf3 Nc6 5. c3 Nf6 6. Bd3 Bg4 7. Nbd2 e6 8.
Qa4 Qa5 9. Qxa5 Nxa5 10. Bb5+ Nc6 11. Ne5 Rc8 12. Nxg4 Nxg4 13. Nf3 a6 14.
Bxc6+ Rxc6 15. h3 Nf6 16. Ne5 Rb6 17. O-O Bd6 18. Nd3 Ne4 19. Re1 Ke7 20. Re2
h6 21. Bf4 Bxf4 22. Nxf4 g5 23. Nd3 Nd6 24. Rae1 Rg8 25. f3 a5 26. Ne5 f6 27.
Nd3 Nf7 28. Nc5 Nd8 29. b3 Rd6 30. Rd2 b6 31. Nd3 Rc6 1/2-1/2